000 00227nam a22000857a 4500
008 160629b xxu||||| |||| 00| 0 eng d
100 _91316
_a Agarwala, B.R
245 _aOur Judiciary
260 _aNew Delhi
_bNational Book Trust
_c1993
999 _c1078
_d1078